Countries Richer than the US Department of Defense - Statistics

General Stats
  • This quiz has been taken 60 times
  • The average score is 20 of 21
Answers on the Map
Answers color-coded by a green-red scale on the quiz's map according to % correct below.
 
Answer Stats
GDP Country % Correct
1,894,708 Brazil
100%
2,200,352 Canada
100%
18,321,197 China
100%
2,778,090 France
100%
4,031,149 Germany
100%
1,424,533 Mexico
100%
1,389,927 Spain
100%
3,198,470 United Kingdom
100%
1,724,787 Australia
98%
3,468,566 India
98%
1,996,934 Italy
98%
4,300,621 Japan
98%
2,133,092 Russia
98%
1,010,588 Saudi Arabia
96%
25,035,164 United States
93%
1,289,429 Indonesia
91%
1,734,207 South Korea
91%
853,487 Turkey
87%
1,973,738 Iran
85%
990,583 Netherlands
74%
828,659 Taiwan
44%
No matching quizzes found
Score Distribution
Percent of People with Each Score
Percentile by Number Answered
Your Score History
You have not taken this quiz